A magyar baloldaliság tragédiája
Elmentve itt :
| Szerző: | |
|---|---|
| Adatforrás: | Philobibl |
| Forrásdokumentuma: | Mozgó Világ 21 1995/10., 40-57. p. |
| Dokumentumtípus: | Cikk |
| Nyelv: | magyar |
| LEADER | 00282nab a2200097 c 4500 | ||
|---|---|---|---|
| 001 | bibDOK00006025 | ||
| 005 | 20200924120211.8 | ||
| 008 | 060518s1995 hu hun | ||
| 100 | 1 | |a Szalai Pál | |
| 245 | 1 | 2 | |a A magyar baloldaliság tragédiája |c Szalai Pál |
| 773 | 0 | |t Mozgó Világ 21 |g 1995/10., 40-57. p. | |